Theory and practice of journalism: set to Indian context (Record no. 6934)
[ view plain ]
| 000 -LEADER | |
|---|---|
| fixed length control field | 00458 a2200145 4500 |
| 040 ## - CATALOGING SOURCE | |
| Original cataloging agency | DLC |
| Language of cataloging | DLC |
| 082 ## - DEWEY DECIMAL CLASSIFICATION NUMBER | |
| Classification number | 302.23 |
| Author Mark | AHU |
| 100 ## - MAIN ENTRY--PERSONAL NAME | |
| Personal name | Ahuja, B. N. |
| 9 (RLIN) | 1430 |
| 245 ## - TITLE STATEMENT | |
| Title | Theory and practice of journalism: set to Indian context |
| Statement of responsibility, etc. | B. N. Ahuja |
| 260 ## - PUBLICATION, DISTRIBUTION, ETC. | |
| Place of publication, distribution, etc. | New Delhi : , |
| Name of publisher, distributor, etc. | Surjeet Publications |
| Date of publication, distribution, etc. | 2007. |
| 300 ## - PHYSICAL DESCRIPTION | |
| Extent | xii, 375 p. ; |
| Dimensions | 22 cm. |
| 500 ## - GENERAL NOTE | |
| General note | Includes bibliographical references and index |
| 650 ## - SUBJECT ADDED ENTRY--TOPICAL TERM | |
| Topical term or geographic name entry element | Journalism. |
| 9 (RLIN) | 144 |
| 942 ## - ADDED ENTRY ELEMENTS (KOHA) | |
| Koha item type | Book |
| Call number prefix | 070.4 AHU |
| Source of classification or shelving scheme | |
| Withdrawn status | Lost status | Source of classification or shelving scheme | Damaged status | Not for loan | Permanent Location | Current Location | Shelving location | Date acquired | Source of acquisition | Cost, normal purchase price | Total Checkouts | Full call number | Barcode | Date last seen | Date last checked out | Price effective from | Koha item type |
|---|---|---|---|---|---|---|---|---|---|---|---|---|---|---|---|---|---|
| Central Library (CL) | Central Library (CL) | First Floor - Journalism | 05/28/2008 | Donation | 0.00 | 2 | 302.23 AHU | SEECS009144 | 08/09/2016 | 03/07/2016 | 01/05/2017 | Book | |||||
| Central Library (CL) | Central Library (CL) | First Floor - Journalism | 05/07/2008 | Donation | 0.00 | 302.23 AHU | SEECS009090 | 11/14/2012 | 01/05/2017 | Book |
